[Event "Foment Martinenc op-A 24th"]
[Site "Barcelona"]
[Date "2024.06.15"]
[Round "9"]
[White "Garrido Fernandez, Daniel"]
[Black "Minguell Soler, Joan"]
[Result "1-0"]
[WhiteElo "2284"]
[BlackElo "1977"]
[PlyCount "73"]
[EventDate "2024.04.20"]
[EventType "swiss"]
[EventRounds "9"]
[EventCountry "ESP"]
[SourceTitle "CB25_2024"]
[SourceDate "2024.06.01"]
[SourceVersion "1"]
[SourceVersionDate "2024.06.01"]
[SourceQuality "2"]

1. e4 e6 2. d4 d5 3. Nd2 Nf6 4. e5 Nfd7 5. c3 c5 6. f4 Nc6 7. Ndf3 Qb6 8. a3 a5 9. b3 Be7 10. h4 0-0 11. Bd3 f5 12. Ne2 Qa7 13. Be3 b6 14. g4 g6 15. gxf5 gxf5 16. Ng5 Bxg5 17. hxg5 Rf7 18. Ng3 Ne7 19. Rh6 Ng6 20. Ra2 Ba6 21. Bb1 cxd4 22. cxd4 Rc8 23. Rc2 Qb8 24. Qc1 Rxc2 25. Qxc2 Qc8 26. Qxc8+ Bxc8 27. Bd3 Ndf8 28. Nh5 Rc7 29. Bd2 Ra7 30. Bb5 Ba6 31. Nf6+ Kg7 32. Be8 Re7 33. b4 axb4 34. Bxb4 Ra7 35. Bxg6 hxg6 36. Bxf8+ Kxf8 37. Rh8+ 1-0

[Event "Foment Martinenc op-A 24th"]
[Site "Barcelona"]
[Date "2024.05.11"]
[Round "4"]
[White "Minguell Soler, Joan"]
[Black "Ballo Serrano, Jan"]
[Result "0-1"]
[WhiteElo "1977"]
[BlackElo "1845"]
[PlyCount "116"]
[EventDate "2024.04.20"]
[EventType "swiss"]
[EventRounds "9"]
[EventCountry "ESP"]
[SourceTitle "CB25_2024"]
[SourceDate "2024.06.01"]
[SourceVersion "1"]
[SourceVersionDate "2024.06.01"]
[SourceQuality "2"]

1. d4 Nf6 2. c4 c5 3. Nf3 cxd4 4. Nxd4 e5 5. Nb5 d5 6. cxd5 Bc5 7. e3 0-0 8. N5c3 Bf5 9. Be2 Nbd7 10. a3 Rc8 11. 0-0 e4 12. b4 Bd6 13. Bb2 a6 14. Nd2 Qe7 15. Rc1 Rc7 16. Nb3 Rfc8 17. Qd2 Ne5 18. Nd4 Bd7 19. g3 Bh3 20. Rfe1 Bg4 21. Bf1 Qd7 22. Kh1 Bh3 23. Be2 Bg4 24. Bf1 Nf3 25. Nxf3 Bxf3+ 26. Kg1 Ng4 27. Ne2 Qe7 28. Nf4 h6 29. Rxc7 Rxc7 30. Rc1 Ne5 31. Rxc7 Qxc7 32. Qc3 Qd7 33. Bh3 Bg4 34. Bxg4 Qxg4 35. Qc2 Nf3+ 36. Kf1 Nxh2+ 37. Kg2 Nf3 38. Kf1 Nh2+ 39. Kg2 Nf3 40. Qxe4 Nh4+ 41. Kh2 Nf3+ 42. Kg2 Nd2 43. Qe8+ Bf8 44. Nd3 Qe2 45. Ne5 Qf1+ 46. Kh2 Qxf2+ 47. Kh1 Ne4 48. Qxf7+ Qxf7 49. Nxf7 Kxf7 50. Kg2 Bd6 51. Kf3 Nd2+ 52. Kg4 Nc4 53. Bd4 Nxa3 54. e4 Nc4 55. Bc5 Bxc5 56. bxc5 a5 57. Kf4 a4 58. e5 a3 0-1

[Event "Foment Martinenc op-A 24th"]
[Site "Barcelona"]
[Date "2024.04.20"]
[Round "1"]
[White "Bieg Pagel, Clemens"]
[Black "Minguell Soler, Joan"]
[Result "1-0"]
[WhiteElo "1816"]
[BlackElo "1977"]
[PlyCount "43"]
[EventDate "2024.04.20"]
[EventType "swiss"]
[EventRounds "9"]
[EventCountry "ESP"]
[SourceTitle "CB25_2024"]
[SourceDate "2024.06.01"]
[SourceVersion "1"]
[SourceVersionDate "2024.06.01"]
[SourceQuality "2"]

1. e4 e6 2. Nf3 d5 3. Nc3 Nf6 4. e5 Nfd7 5. d4 c5 6. Bg5 Qb6 7. dxc5 Bxc5 8. Qd2 Bxf2+ 9. Qxf2 Qxb2 10. Kd2 Qxa1 11. Bb5 Qxh1 12. Qc5 Qxg2+ 13. Kc1 Qf1+ 14. Nd1 Nc6 15. Bxc6 f6 16. exf6 Kf7 17. Qe7+ Kg6 18. Qxg7+ Kf5 19. Nh4+ Kg4 20. Be3+ Kxh4 21. Qg5+ Kh3 22. Qg3# 1-0

[Event "Roncana op-A 14th"]
[Site "Santa Eulalia de Roncana"]
[Date "2022.11.26"]
[Round "6"]
[White "Vicient Calvo, Ramon"]
[Black "Minguell Soler, Joan"]
[Result "1-0"]
[WhiteElo "2093"]
[BlackElo "1937"]
[PlyCount "89"]
[EventDate "2022.10.08"]
[EventType "swiss"]
[EventRounds "8"]
[EventCountry "ESP"]
[SourceTitle "EXT 2024"]
[Source "ChessBase"]
[SourceDate "2023.10.10"]
[SourceVersion "1"]
[SourceVersionDate "2023.10.10"]
[SourceQuality "1"]

1. d4 Nf6 2. Bg5 e6 3. e4 h6 4. Bxf6 Qxf6 5. c3 d6 6. Bd3 Nd7 7. Ne2 g5 8. 0-0 e5 9. Nd2 Bg7 10. a4 0-0 11. Nc4 Re8 12. Ne3 Nf8 13. d5 Ng6 14. Ng3 Nf4 15. Bb5 Rd8 16. Ngf5 Bxf5 17. Nxf5 Kh7 18. g3 Ng6 19. Be2 Bf8 20. Bg4 Ne7 21. Qb3 Rab8 22. Qc4 c5 23. dxc6 Nxc6 24. h4 gxh4 25. Nxh4 Be7 26. Bh5 Rf8 27. Nf5 Qe6 28. Qe2 Rg8 29. Kg2 Bg5 30. Rh1 d5 31. Bg4 Qf6 32. exd5 Ne7 33. Nxe7 Qxe7 34. Qe4+ Kg7 35. Rhe1 Rge8 36. b4 b6 37. Qc4 e4 38. Rad1 Qe5 39. d6 f5 40. Rd5 Qf6 41. Rxf5 Qxd6 42. Qf7+ Kh8 43. Rxg5 Re7 44. Rg6 Rxf7 45. Rxd6 1-0

[Event "Barcelona Sant Marti op-B 22nd"]
[Site "Barcelona"]
[Date "2022.07.20"]
[Round "8"]
[White "Vargas Drechsler, Carlos"]
[Black "Minguell Soler, Joan"]
[Result "0-1"]
[WhiteElo "1858"]
[BlackElo "1946"]
[PlyCount "88"]
[EventDate "2022.07.13"]
[EventType "swiss"]
[EventRounds "9"]
[EventCountry "ESP"]
[SourceTitle "CBM 210 Extra"]
[Source "ChessBase"]
[SourceDate "2022.11.30"]
[SourceVersion "1"]
[SourceVersionDate "2022.11.30"]
[SourceQuality "1"]

1. e4 e6 2. d4 d5 3. exd5 exd5 4. c4 Nf6 5. Nf3 Bb4+ 6. Nc3 0-0 7. Bd3 Re8+ 8. Be3 c6 9. h3 dxc4 10. Bxc4 Be6 11. Bd3 Nd5 12. 0-0 Nd7 13. Rc1 N7f6 14. a3 Bd6 15. Bg5 h6 16. Bd2 Nf4 17. Bb1 N6d5 18. Ne5 Qg5 19. Ng4 Nxc3 20. Rxc3 h5 21. Bxf4 Qxf4 22. Rf3 Qg5 23. Ne5 Bxe5 24. dxe5 Bd5 25. Rg3 Qxe5 26. f4 Qxb2 27. Qxh5 Re2 28. Qh7+ Kf8 29. Qh8+ Ke7 30. Qxg7 Qxg7 31. Rxg7 Kf6 32. Rg3 Rae8 33. Rf2 R8e3 34. Rxe3 Rxe3 35. Kh2 Rxa3 36. g4 a5 37. g5+ Kg7 38. h4 Rf3 39. Rxf3 Bxf3 40. Kg3 Bd1 41. Kf2 a4 42. Ke1 Bb3 43. h5 a3 44. h6+ Kg8 0-1

[Event "Barcelona Sant Marti op-B 22nd"]
[Site "Barcelona"]
[Date "2022.07.19"]
[Round "7"]
[White "Karapetyan Hakobyan, Daniel"]
[Black "Minguell Soler, Joan"]
[Result "0-1"]
[WhiteElo "1779"]
[BlackElo "1946"]
[PlyCount "84"]
[EventDate "2022.07.13"]
[EventType "swiss"]
[EventRounds "9"]
[EventCountry "ESP"]
[SourceTitle "CBM 210 Extra"]
[Source "ChessBase"]
[SourceDate "2022.11.30"]
[SourceVersion "1"]
[SourceVersionDate "2022.11.30"]
[SourceQuality "1"]

1. c4 Nf6 2. Nc3 d5 3. cxd5 Nxd5 4. g3 g6 5. Bg2 c6 6. Nxd5 cxd5 7. d4 Bg7 8. e3 0-0 9. Ne2 Nc6 10. 0-0 e6 11. Nf4 Bd7 12. b3 a5 13. Ba3 Re8 14. Rc1 a4 15. Bc5 b6 16. Bd6 Ra7 17. Rc2 axb3 18. axb3 Na5 19. Qd3 Bc8 20. Qb5 Ba6 21. Qa4 Bxf1 22. Bxf1 Qa8 23. Qb5 Bf8 24. Be5 Be7 25. Bg2 Rc8 26. Nxd5 exd5 27. Bxd5 Rxc2 28. Bxa8 Rxa8 29. d5 Rc5 30. Qd7 Bf8 31. b4 Rc1+ 32. Kg2 Nc4 33. Bf6 Bxb4 34. e4 Rc2 35. e5 Bc5 36. Bd8 Rxf2+ 37. Kh3 Nxe5 38. Qe8+ Bf8 39. d6 Raa2 40. Qxe5 Rxh2+ 41. Kg4 h5+ 42. Kf4 Rhf2+ 0-1

[Event "Barcelona Sant Marti op-B 22nd"]
[Site "Barcelona"]
[Date "2022.07.18"]
[Round "6"]
[White "Minguell Soler, Joan"]
[Black "Lambert Pont, Michael"]
[Result "1/2-1/2"]
[WhiteElo "1946"]
[BlackElo "1802"]
[PlyCount "41"]
[EventDate "2022.07.13"]
[EventType "swiss"]
[EventRounds "9"]
[EventCountry "ESP"]
[SourceTitle "CBM 210 Extra"]
[Source "ChessBase"]
[SourceDate "2022.11.30"]
[SourceVersion "1"]
[SourceVersionDate "2022.11.30"]
[SourceQuality "1"]

1. d4 Nf6 2. c4 g6 3. Nc3 Bg7 4. e4 d6 5. Nf3 0-0 6. Be2 e5 7. d5 a5 8. 0-0 Na6 9. Ne1 Nc5 10. Qc2 Ne8 11. Be3 f5 12. f3 Nf6 13. Rb1 fxe4 14. Bxc5 exf3 15. Nxf3 dxc5 16. Bd3 Qe7 17. Rbe1 Nh5 18. Be4 Bd7 19. Qd2 Nf4 20. g3 Nh5 21. Kg2 1/2-1/2

[Event "Barcelona Sant Marti op-B 22nd"]
[Site "Barcelona"]
[Date "2022.07.13"]
[Round "1"]
[White "Minguell Soler, Joan"]
[Black "Plantada Siurans, Estanislau"]
[Result "1/2-1/2"]
[WhiteElo "1946"]
[BlackElo "1559"]
[PlyCount "73"]
[EventDate "2022.07.13"]
[EventType "swiss"]
[EventRounds "9"]
[EventCountry "ESP"]
[SourceTitle "CBM 210 Extra"]
[Source "ChessBase"]
[SourceDate "2022.11.30"]
[SourceVersion "1"]
[SourceVersionDate "2022.11.30"]
[SourceQuality "1"]

1. d4 d5 2. c4 c6 3. Nf3 Nf6 4. Nc3 Bf5 5. e3 e6 6. Be2 Bb4 7. Qb3 Qb6 8. 0-0 Be7 9. Qd1 Nbd7 10. b3 h6 11. Bb2 Qc7 12. Rc1 0-0 13. Qd2 a5 14. Rfd1 Bb4 15. Qe1 a4 16. Qf1 a3 17. Ba1 Ne4 18. Bd3 Ndf6 19. Ne5 Bd6 20. f3 Nxc3 21. Bxc3 Nd7 22. e4 Nxe5 23. dxe5 Bc5+ 24. Kh1 d4 25. exf5 dxc3 26. f4 exf5 27. Bxf5 Rad8 28. Rxc3 Rxd1 29. Qxd1 Rd8 30. Rd3 Rxd3 31. Qxd3 g6 32. Be4 Qa5 33. Qe2 Qc3 34. g3 Qd4 35. Kg2 h5 36. e6 f5 37. e7 1/2-1/2

[Event "Foment Martinenc op-A 22nd"]
[Site "Barcelona"]
[Date "2022.05.07"]
[Round "3"]
[White "Minguell Soler, Joan"]
[Black "Severri Arrese, Carlos"]
[Result "1/2-1/2"]
[WhiteElo "1939"]
[BlackElo "1673"]
[PlyCount "50"]
[EventDate "2022.04.23"]
[EventType "swiss"]
[EventRounds "9"]
[EventCountry "ESP"]
[SourceTitle "EXT 2023"]
[Source "ChessBase"]
[SourceDate "2022.10.05"]
[SourceVersion "1"]
[SourceVersionDate "2022.10.05"]
[SourceQuality "1"]

1. d4 d6 2. Nf3 Nd7 3. c4 g6 4. Nc3 Bg7 5. e4 c6 6. Be2 Qc7 7. 0-0 Ngf6 8. Be3 Ng4 9. Bc1 e5 10. d5 0-0 11. Ne1 Ngf6 12. Be3 Rd8 13. Qc2 a6 14. f3 h6 15. Qd2 Kh7 16. Nd3 g5 17. Rab1 Nf8 18. Rfe1 Qe7 19. b4 Ng6 20. Na4 Nf4 21. Nxf4 gxf4 22. Bf2 Rg8 23. c5 cxd5 24. exd5 Bf5 25. cxd6 Qxd6 1/2-1/2

[Event "Barcelona Gotico"]
[Site "Barcelona"]
[Date "2019.05.14"]
[Round "8"]
[White "Cano Sevila, Ivan"]
[Black "Minguell Soler, Joan"]
[Result "1/2-1/2"]
[WhiteElo "1967"]
[BlackElo "2023"]
[PlyCount "89"]
[EventDate "2019.03.12"]
[EventType "tourn"]
[EventRounds "9"]
[EventCountry "ESP"]
[SourceTitle "CBM 190 Extra"]
[Source "ChessBase"]
[SourceDate "2019.07.15"]
[SourceVersion "1"]
[SourceVersionDate "2019.07.15"]
[SourceQuality "1"]

1. d4 Nf6 2. Bf4 g6 3. Nc3 d5 4. Nf3 Bg7 5. e3 0-0 6. Be2 a6 7. a4 c5 8. 0-0 Nc6 9. Ne5 cxd4 10. exd4 Bf5 11. Nxc6 bxc6 12. a5 Nd7 13. Bd3 Bxd3 14. Qxd3 e5 15. dxe5 Nxe5 16. Bxe5 Bxe5 17. f4 Bc7 18. f5 Qd6 19. Qh3 Rfe8 20. Qh6 Rab8 21. Rf3 Qf8 22. Qxf8+ Kxf8 23. fxg6 hxg6 24. Rf6 Be5 25. Rxc6 Rxb2 26. Nxd5 Bd4+ 27. Kh1 Rb5 28. Nc3 Rxa5 29. Rf1 Bxc3 30. Rxc3 Re2 31. h3 Rg5 32. Rc7 Re7 33. Rc6 a5 34. Rf2 Ra7 35. c4 a4 36. Ra2 Re5 37. Rb6 Re3 38. c5 Rc3 39. c6 Ra5 40. Rb8+ Kg7 41. Rb6 Kh6 42. Kh2 Kg5 43. Rb7 f5 44. c7 a3 45. Rb3 1/2-1/2

[Event "Barcelona Gotico"]
[Site "Barcelona"]
[Date "2019.03.26"]
[Round "3"]
[White "Gonzalez Saguillo, Oriol"]
[Black "Minguell Soler, Joan"]
[Result "0-1"]
[WhiteElo "2159"]
[BlackElo "2023"]
[PlyCount "142"]
[EventDate "2019.03.12"]
[EventType "tourn"]
[EventRounds "9"]
[EventCountry "ESP"]
[SourceTitle "CBM 190 Extra"]
[Source "ChessBase"]
[SourceDate "2019.07.15"]
[SourceVersion "1"]
[SourceVersionDate "2019.07.15"]
[SourceQuality "1"]

1. d4 Nf6 2. c4 g6 3. f3 c5 4. d5 d6 5. Nc3 Bg7 6. e4 0-0 7. Be3 Na6 8. Qd2 Bd7 9. Nge2 Rb8 10. Ng3 Nc7 11. a4 b6 12. Rb1 Na6 13. Be2 Nb4 14. 0-0 a6 15. Nh1 Qc7 16. Nf2 Rfe8 17. Rbd1 Red8 18. f4 Rb7 19. Kh1 Bc8 20. Bf3 Rb8 21. g4 Bd7 22. g5 Ne8 23. Bg4 Qc8 24. Rg1 Nc7 25. Bxd7 Qxd7 26. Ng4 b5 27. b3 bxc4 28. bxc4 Ne8 29. f5 Rb7 30. Rdf1 Rdb8 31. fxg6 hxg6 32. e5 dxe5 33. Ne4 Nd6 34. Qf2 Qe8 35. Nxd6 exd6 36. Nf6+ Bxf6 37. gxf6 Nd3 38. Qh4 Nf4 39. Bxf4 exf4 40. Re1 Qd8 41. Qxf4 Rb3 42. Re7 Rh3 43. Rxg6+ fxg6 44. f7+ Kf8 45. Re8+ Qxe8 46. fxe8Q+ Kxe8 47. Qe4+ Kd8 48. Qxg6 Rbb3 49. Qxd6+ Ke8 50. Qc6+ Kf7 51. Qe6+ Kg7 52. d6 Rhd3 53. d7 Rb1+ 54. Kg2 Rbd1 55. Qe5+ Kf7 56. Qh5+ Ke7 57. Qe8+ Kf6 58. Qf8+ Kg5 59. Qxc5+ Kg4 60. h3+ Kf4 61. Qc7+ Kf5 62. Qa5+ Ke6 63. d8N+ Rxd8 64. Qxa6+ Kf5 65. c5 R1d2+ 66. Kf1 R8d3 67. Qc8+ Ke5 68. Qh8+ Ke4 69. Qh4+ Ke3 70. Kg1 Rd1+ 71. Kg2 R3d2+ 0-1

[Event "Barcelona Gotico"]
[Site "Barcelona"]
[Date "2019.03.12"]
[Round "1"]
[White "Molano Lafuente, Ismael"]
[Black "Minguell Soler, Joan"]
[Result "1-0"]
[WhiteElo "1956"]
[BlackElo "2023"]
[PlyCount "123"]
[EventDate "2019.03.12"]
[EventType "tourn"]
[EventRounds "9"]
[EventCountry "ESP"]
[SourceTitle "CBM 190 Extra"]
[Source "ChessBase"]
[SourceDate "2019.07.15"]
[SourceVersion "1"]
[SourceVersionDate "2019.07.15"]
[SourceQuality "1"]

1. d4 Nf6 2. Nf3 g6 3. Nc3 d5 4. Bf4 Bg7 5. Qd2 0-0 6. Bh6 c5 7. Bxg7 Kxg7 8. e3 Nc6 9. Ne5 cxd4 10. exd4 Qb6 11. 0-0-0 Bf5 12. Nxc6 Qxc6 13. f3 Rac8 14. g4 Be6 15. h4 a6 16. h5 Rh8 17. Bd3 b5 18. Ne2 Nd7 19. Nf4 Nb6 20. Rde1 Bd7 21. Rxe7 Qf6 22. h6+ Kg8 23. Rhe1 Qxd4 24. Nh5 Kf8 25. Qg5 Be6 26. R1xe6 fxe6 27. Rxe6 Re8 28. Rf6+ Kg8 29. Rxg6+ hxg6 30. Qxg6+ Kf8 31. Qg7+ Qxg7 32. hxg7+ Kf7 33. gxh8Q Rxh8 34. b3 Nd7 35. f4 Nc5 36. Kd2 d4 37. b4 Na4 38. Be4 Nc3 39. Kd3 Rd8 40. a3 Nb1 41. g5 Nxa3 42. f5 Nc4 43. g6+ Ke7 44. f6+ Ke6 45. f7 Ne5+ 46. Kd2 Nxf7 47. gxf7 Kxf7 48. Nf4 Kf6 49. Nd3 Rh8 50. Nc5 Ke5 51. Bb7 Rh2+ 52. Kc1 Kd6 53. Bxa6 Rh8 54. Bb7 Rb8 55. Be4 Re8 56. Bd3 Rb8 57. Kb2 Kd5 58. Nb3 Rb6 59. Nd2 Kc6 60. Nb1 Kd5 61. Na3 Kc6 62. Bxb5+ 1-0

[Event "Benidorm op U2000 17th"]
[Site "Benidorm"]
[Date "2018.12.07"]
[Round "9"]
[White "Minguell Soler, Joan"]
[Black "Alfven, Jorgen"]
[Result "1-0"]
[WhiteElo "1987"]
[BlackElo "1864"]
[PlyCount "100"]
[EventDate "2018.11.30"]
[EventType "swiss"]
[EventRounds "10"]
[EventCountry "ESP"]
[SourceTitle "EXT 2022"]
[Source "ChessBase"]
[SourceDate "2021.10.06"]
[SourceVersion "1"]
[SourceVersionDate "2021.10.06"]
[SourceQuality "1"]

1. d4 Nf6 2. c4 e6 3. Nc3 c5 4. Nf3 cxd4 5. Nxd4 a6 6. e3 Nc6 7. Be2 Be7 8. 0-0 0-0 9. b3 Qc7 10. Bb2 Rd8 11. Rc1 b6 12. Bf3 Bb7 13. Nd5 exd5 14. cxd5 Bc5 15. dxc6 dxc6 16. Qc2 Nd5 17. Rfd1 Bxd4 18. Rxd4 Qe7 19. Rcd1 Nf6 20. R4d2 Rxd2 21. Qxd2 Re8 22. Qd6 Nd5 23. Qxe7 Rxe7 24. e4 Nc7 25. Rd8+ Ne8 26. e5 f6 27. Be2 b5 28. f4 Kf7 29. Ba3 c5 30. Bxc5 Rc7 31. b4 Bc6 32. Bg4 fxe5 33. fxe5 Kg6 34. h4 h5 35. Bh3 Rf7 36. Bc8 Rf4 37. Bxa6 Rg4 38. Rd2 Rxh4 39. a4 bxa4 40. b5 Be4 41. b6 Kf5 42. Bb5 Kxe5 43. Bxe8 Bd5 44. Rxd5+ Kxd5 45. b7 Kxc5 46. b8Q Rb4 47. Qe5+ Kb6 48. Bxh5 Rb5 49. Qd4+ Ka5 50. Be8 Rb4 1-0

[Event "Benidorm op U2000 17th"]
[Site "Benidorm"]
[Date "2018.12.02"]
[Round "3"]
[White "Minguell Soler, Joan"]
[Black "Campos Busquiel, Alejandro"]
[Result "0-1"]
[WhiteElo "1987"]
[BlackElo "1861"]
[PlyCount "246"]
[EventDate "2018.11.30"]
[EventType "swiss"]
[EventRounds "10"]
[EventCountry "ESP"]
[SourceTitle "EXT 2022"]
[Source "ChessBase"]
[SourceDate "2021.10.06"]
[SourceVersion "1"]
[SourceVersionDate "2021.10.06"]
[SourceQuality "1"]

1. d4 f5 2. c4 Nf6 3. Nc3 g6 4. Nf3 Bg7 5. g3 0-0 6. Bg2 d6 7. 0-0 Qe8 8. d5 e5 9. dxe6 Qxe6 10. Nd5 Nxd5 11. Ng5 Qe7 12. Bxd5+ Kh8 13. Qc2 Nc6 14. Bxc6 bxc6 15. a4 h6 16. Nf3 Re8 17. Re1 Qe4 18. Qxe4 Rxe4 19. Nd2 Re7 20. Rb1 c5 21. b3 Bc3 22. Bb2 Bxb2 23. Rxb2 a5 24. f3 Bb7 25. Kf2 Rae8 26. e3 Kg7 27. Rc2 g5 28. Nb1 g4 29. f4 Be4 30. Rb2 Kg6 31. Nc3 Bf3 32. h3 h5 33. h4 Rb8 34. Nb5 Bc6 35. Rd2 Be4 36. Rc1 Kf7 37. Rcd1 Ke8 38. Rc1 Kd7 39. Rb2 Bc6 40. Rd1 Rbe8 41. Re1 Bf3 42. Rd2 Rb8 43. Rd3 Be4 44. Rd2 Re6 45. Red1 Bf3 46. Rb1 Rbe8 47. Re1 Kc8 48. Rd3 Kb7 49. Rd2 Kb6 50. Rd3 Bc6 51. Nc3 Bf3 52. Nb5 Be4 53. Rd2 Bb7 54. Rd3 Rd8 55. Red1 Be4 56. R3d2 Bf3 57. Re1 c6 58. Nc3 d5 59. cxd5 cxd5 60. Rd3 Kc6 61. Nb5 Rde8 62. Rc1 Kb6 63. Rdc3 d4 64. Rxc5 dxe3+ 65. Ke1 Rd8 66. R5c2 Re7 67. Na3 e2 68. Nc4+ Ka6 69. Rd2 Red7 70. Rc3 Rd5 71. Rxd5 Rxd5 72. Nd2 Bg2 73. Kxe2 Kb7 74. Re3 Kc6 75. Nc4 Bf3+ 76. Kf2 Be4 77. Rc3 Kb7 78. Ke3 Ka6 79. Nd2 Bg2 80. Rc6+ Kb7 81. Re6 Rc5 82. Re5 Rxe5+ 83. fxe5 Bd5 84. Kf4 Be6 85. Kg5 Kc6 86. Kxh5 Kd5 87. Kg5 Kxe5 88. h5 Bg8 89. Nc4+ Ke4 90. Nd6+ Kf3 91. Nxf5 Bh7 92. h6 Ke4 93. Nh4 Kd3 94. Kxg4 Kc3 95. Nf3 Kxb3 96. Ng5 Bg6 97. h7 Bxh7 98. Nxh7 Kxa4 99. Nf6 Kb3 100. Ne4 Kc4 101. Nd6+ Kb4 102. Kf5 a4 103. g4 a3 104. Nf7 a2 105. g5 a1Q 106. g6 Qg7 107. Ng5 Qf8+ 108. Nf7 Qe7 109. Kg4 Kc5 110. Kh5 Qf8 111. Kg5 Qg7 112. Nh6 Qe7+ 113. Kh5 Qe5+ 114. Kg4 Qg7 115. Kg5 Qe7+ 116. Kh5 Qe5+ 117. Kg4 Kd5 118. Nf7 Qg7 119. Kf5 Kc6 120. Ne5+ Kd6 121. Nf7+ Ke7 122. Kg5 Kf8 123. Kf5 Qc3 0-1

[Event "Barcelona Sant Marti op-A 19th"]
[Site "Barcelona"]
[Date "2017.07.20"]
[Round "8"]
[White "Minguell Soler, Joan"]
[Black "Monroy Garzon, Nataly Alejandra"]
[Result "1-0"]
[WhiteElo "2021"]
[BlackElo "1947"]
[PlyCount "47"]
[EventDate "2017.07.13"]
[EventType "swiss"]
[EventRounds "9"]
[EventCountry "ESP"]
[SourceTitle "EXT 2018"]
[Source "ChessBase"]
[SourceDate "2017.10.13"]
[SourceVersion "1"]
[SourceVersionDate "2017.10.13"]
[SourceQuality "1"]

1. d4 Nf6 2. c4 g6 3. Nc3 c5 4. Nf3 Bg7 5. g3 d6 6. dxc5 dxc5 7. Qxd8+ Kxd8 8. Ng5 Rf8 9. Be3 h6 10. 0-0-0+ Nfd7 11. Nge4 Na6 12. Bg2 Rb8 13. Nb5 b6 14. Rd2 Ke8 15. Rhd1 f5 16. Ned6+ exd6 17. Nxd6+ Ke7 18. Nxc8+ Rfxc8 19. Rxd7+ Kf8 20. Rxa7 Nb4 21. Rdd7 Be5 22. Bxh6+ Kg8 23. a3 Nc6 24. Bd5+ 1-0

[Event "Barcelona Sant Marti op-A 19th"]
[Site "Barcelona"]
[Date "2017.07.17"]
[Round "5"]
[White "Sanchez Jerez, Emilio Miguel"]
[Black "Minguell Soler, Joan"]
[Result "1-0"]
[WhiteElo "2216"]
[BlackElo "2021"]
[PlyCount "45"]
[EventDate "2017.07.13"]
[EventType "swiss"]
[EventRounds "9"]
[EventCountry "ESP"]
[SourceTitle "EXT 2018"]
[Source "ChessBase"]
[SourceDate "2017.10.13"]
[SourceVersion "1"]
[SourceVersionDate "2017.10.13"]
[SourceQuality "1"]

1. d4 Nf6 2. Bg5 e6 3. e4 Be7 4. Bd3 d5 5. e5 Nfd7 6. Bxe7 Qxe7 7. c3 c5 8. Ne2 Nc6 9. a3 0-0 10. 0-0 f6 11. f4 f5 12. b4 c4 13. Bc2 Nd8 14. Nd2 b6 15. Kh1 Nf7 16. g4 Nh6 17. gxf5 exf5 18. Ng3 g6 19. Qf3 Qe6 20. Nxc4 Ba6 21. Ne3 Bxf1 22. Ngxf1 Ng4 23. Bb3 1-0

[Event "Mataro Maresme op-A 13th"]
[Site "Mataro"]
[Date "2016.12.02"]
[Round "9"]
[White "Minguell Soler, Joan"]
[Black "Fradera Manils, Josep"]
[Result "0-1"]
[WhiteElo "2022"]
[BlackElo "1743"]
[PlyCount "68"]
[EventDate "2016.10.08"]
[EventType "swiss"]
[EventRounds "9"]
[EventCountry "ESP"]
[SourceTitle "EXT 2018"]
[Source "ChessBase"]
[SourceDate "2017.10.13"]
[SourceVersion "1"]
[SourceVersionDate "2017.10.13"]
[SourceQuality "1"]

1. d4 c5 2. e3 Nf6 3. Nf3 g6 4. Be2 Bg7 5. 0-0 0-0 6. c4 d6 7. Nc3 Bf5 8. Qb3 Qc8 9. Bd2 Nc6 10. Nd5 Ne4 11. Bc3 cxd4 12. Nxd4 Bxd4 13. exd4 e5 14. dxe5 dxe5 15. Bf3 Nxc3 16. Qxc3 f6 17. Rfd1 Kg7 18. Rac1 Rf7 19. b4 Nd4 20. Rd2 Qe6 21. Bd1 Rc8 22. Ne3 Be4 23. Qa3 Rd7 24. c5 Rcd8 25. Bb3 Qc6 26. Qxa7 Bxg2 27. Rxd4 Rxd4 28. b5 Qf3 29. Bd5 R8xd5 30. Qxb7+ Rd7 31. Qxf3 Bxf3 32. c6 Rc7 33. Nc4 Bxc6 34. Na5 Rg4+ 0-1